000 00791nam a22002417a 4500
005 20170124105927.0
010 _aA-716403
020 _c00
_a8170187478
035 h _aA-716403
037 _bCen Lib/Ret
040 _aDPL
_bEN
082 _a330
_bMOH
100 _aMohsen, Shahbazzadeh
_972153
245 _aRole of multinational companies in nation's economy :
_cby Shahbazzadeh Mohsen
_ba case study of Iran /
246 _b
260 _bB.R. Publishing Corporation
_c1994
_aDelhi
270 _bDelhi
_aA-6, nimri community centre
_e110052
300 _axii, 442p.
_c20cm(Hb)
500 _aIncludes bibliographical references and index
650 _aNational development plan
_zIran
_972154
650 _aEnterprises
_972155
942 _2ddc
_cEN
_h330
_mMOH
999 _c123549
_d123549